Additive manufacturing - General principles - Terminology : ISO/ASTM DIS 52900 : ISO/TC 261 : Voting begins on: 2018-05-10. Voting terminates on: 2018-08-02

Guardado en:
Detalles Bibliográficos
Formato: Libro
Lenguaje:inglés
Publicado: ISO 2018
Etiquetas: Agregar Etiqueta
Sin Etiquetas, Sea el primero en etiquetar este registro!

MARC

LEADER 00000nam a22000003a 4500
001 0088556
003 SK-STU
005 20210525073322.7
007 ta
008 210525s ----xo-----e------000-0-----d
040 |a STU  |b slo 
041 0 |a eng 
245 1 0 |a Additive manufacturing - General principles - Terminology :  |b ISO/ASTM DIS 52900 : ISO/TC 261 : Voting begins on: 2018-05-10. Voting terminates on: 2018-08-02 
260 |b ISO  |c 2018 
300 |a 27 s. 
996 |b 284M088752  |c M* N-1685-1  |l MMKN  |s A  |a 24  |w 0088556_0001 
996 |b 284M088753  |c M* N-1685-2  |l MMKN  |s A  |a 24  |w 0088556_0002